Chop Away At My Heart Lyrics Quiz - Milo Murphy’s Law - Statistics

General Stats
  • This quiz has been taken 30 times
  • The average score is 24 of 38
Answer Stats
Hint Answer % Correct
____, ____, ____, ____ away at my heart Chop
86%
So baby, ____, ____, ____, ____ away at my heart Chop
86%
But every cloud has got a silver ______ Lining
86%
I know you’re ______, Pining
86%
So baby, ____, ____, ____, ____ away at my heart Chop
81%
My _____ is strong, Heart
81%
And I will _____ part Never
81%
Without ___, You
81%
And you ______, baby, you ______ to me Belong
76%
____, ____, ____, ____ away at my heart Chop
76%
I know you, you’ve been there from the _____, Start
76%
(______!) Timber
76%
Like a ____ Tree
76%
And if I ____, Fall
71%
I can feel it _______ Falling
71%
I can ____ it falling Feel
71%
Do I even make a _____? Sound
71%
I know you, you’ve been _____ from the start, There
71%
(______!) Timber
71%
And I will never ____ Part
67%
And you’re in my ____, Arms
62%
So the _______ are aligning Planets
62%
I’m ____ to the ground Tied
62%
And we’re ____ right now, Here
57%
The ______ are parting, now the sun is shining Leaves
57%
When you ____ at me, Look
57%
If ____ is just a game, I think we’re winning Love
57%
When I tell you my ____ is always worse than my bite Bark
52%
__, __ __, __, __ __ __ __ __ __ __ (x4) Na
52%
Do you ___ me, See
52%
So this feels like a _________ Beginning
48%
I won’t do the rest because it’s just the chorus two more times and you’re probably bored as heck by now, but I still want you to watch Milo Murphy’s Law, or, at the very least, listen to this song. Ok
48%
When you look me in the eye, my head is ________ Spinning
48%
Or do you ____ Only
43%
I know you’re _____ Ready
38%
You know I’m _____ Right
38%
See the ______ for the trees? Forest
33%
And now you’re ________ Grinning
33%
No matching quizzes found
Score Distribution
Percent of People with Each Score
Percentile by Number Answered
Your Score History
You have not taken this quiz